LIBRARY & INFORMATION CENTRE, KCAET, TAVANUR

ONLINE PUBLIC ACCESS CATALOGUE (OPAC)

Manushyanu Oru Amukham (Record no. 15362)

MARC details
000 -LEADER
fixed length control field 00318nam a22001337a 4500
020 ## - INTERNATIONAL STANDARD BOOK NUMBER
ISBN 9788126428397
082 ## - DEWEY DECIMAL CLASSIFICATION NUMBER
Classification number 894.812 3
Item number SUB/MA
100 ## - MAIN ENTRY--AUTHOR NAME
Personal name Subhash Chandran
245 ## - TITLE STATEMENT
Title Manushyanu Oru Amukham
260 ## - PUBLICATION, DISTRIBUTION, ETC. (IMPRINT)
Place of publication Kottayam
Name of publisher D.C Books
Year of publication 2017
300 ## - PHYSICAL DESCRIPTION
Number of Pages 407
650 ## - SUBJECT ADDED ENTRY--TOPICAL TERM
Topical Term Malayalam Fiction
942 ## - ADDED ENTRY ELEMENTS (KOHA)
Koha item type Books
Holdings
Withdrawn status Lost status Damaged status Home library Current library Date acquired Cost, normal purchase price Full call number Accession Number Koha item type
      KAUAET KAUAET 12/04/2018 425.00 894.812 3 SUB/MA 25647 Books
free website counter